|
|
|
|
| LEADER |
00000nab a2200000 ar4500 |
| 001 |
vtls008411796 |
| 003 |
SK-MaSNL |
| 005 |
20260303070157.0 |
| 008 |
051125c20051116xo dr|p|||||||000 b|slo |
| 015 |
|
|
|a SNBRB2005/11
|2 snkbucl
|
| 038 |
|
|
|a SNKBUCL
|
| 040 |
|
|
|a SNKBUCL
|b slo
|c SNKBUCL
|e AACR2
|
| 041 |
0 |
|
|a slo
|
| 044 |
|
|
|a xo
|c SK
|
| 080 |
|
|
|a 796.83.093.1
|x (100)
|2 UDC-MRF-SK2
|
| 100 |
1 |
|
|a Gressner, Igor
|4 aut
|9 838363
|
| 245 |
1 |
0 |
|a Nevie si to vysvetliť
|b Majstrovstvá sveta v boxe sa už po súbojoch 1. kola pre Slovákov skončili
|
| 300 |
|
|
|b Fotogr.
|
| 611 |
2 |
7 |
|a Majstrovstvá sveta v boxe
|d (2005 :
|c Miang-Jang, Čína)
|2 snkbucl
|9 1067241
|
| 650 |
0 |
7 |
|a box
|2 snkbucl
|9 3272
|
| 773 |
0 |
|
|t Šport
|g Roč. 59, č. 265 (16.11.2005), s. 37
|x 0139-7001
|
| 852 |
|
|
|a SNK
|b KIS3GCP
|
| 999 |
|
|
|c 1754264
|d 1756194
|